[Event "EU-ch U12 26th"]
[Site "Prague"]
[Date "2016.08.25"]
[Round "7"]
[White "Mansoor, Afras"]
[Black "Fridensteins Bridins, Atis"]
[Result "1-0"]
[WhiteElo "1728"]
[BlackElo "1347"]
[PlyCount "55"]
[EventDate "2016.08.18"]
[EventType "swiss"]
[EventRounds "9"]
[EventCountry "CZE"]
[SourceTitle "CBM 174 Extra"]
[Source "ChessBase"]
[SourceDate "2016.10.10"]
[SourceVersion "1"]
[SourceVersionDate "2016.10.10"]
[SourceQuality "1"]

1. d4 d5 2. Nf3 Nf6 3. c4 c6 4. Nc3 e6 5. e3 Nbd7 6. Bd3 dxc4 7. Bxc4 b5 8. Bd3 Bb7 9. 0-0 a6 10. e4 c5 11. d5 Qc7 12. dxe6 fxe6 13. Ng5 Qc6 14. f4 h6 15. Nf3 c4 16. Bc2 Ng4 17. Nd4 Qb6 18. Qxg4 Qxd4+ 19. Kh1 Qf6 20. Be3 h5 21. Qh3 Qg6 22. Bd1 b4 23. Na4 Qxe4 24. Bf3 Qc2 25. Qxe6+ Be7 26. Bxb7 Rb8 27. Bc6 Rd8 28. Be4 1-0

[Event "EU-ch U12 26th"]
[Site "Prague"]
[Date "2016.08.19"]
[Round "2"]
[White "Fridensteins Bridins, Atis"]
[Black "Mathieu, Phileas"]
[Result "1-0"]
[WhiteElo "1347"]
[BlackElo "1835"]
[PlyCount "153"]
[EventDate "2016.08.18"]
[EventType "swiss"]
[EventRounds "9"]
[EventCountry "CZE"]
[SourceTitle "CBM 174 Extra"]
[Source "ChessBase"]
[SourceDate "2016.10.10"]
[SourceVersion "1"]
[SourceVersionDate "2016.10.10"]
[SourceQuality "1"]

1. e4 e6 2. d4 d5 3. exd5 exd5 4. c4 Nf6 5. Nf3 Be7 6. Nc3 c6 7. Bd3 0-0 8. 0-0 dxc4 9. Bxc4 Nbd7 10. Re1 Nb6 11. Bb3 h6 12. Bf4 Bf5 13. Ne5 Bd6 14. Nxf7 Rxf7 15. Bxf7+ Kxf7 16. Qb3+ Kg6 17. Be5 Ng4 18. h3 Nf6 19. Re3 Kh7 20. Rf3 Bg6 21. Bxf6 gxf6 22. Qe6 Kg7 23. Ne4 Bxe4 24. Qxe4 Qe8 25. Qg4+ Qg6 26. Qe6 Rd8 27. Re1 Nd5 28. b4 Nc7 29. Qc4 Nd5 30. b5 Nf4 31. Rg3 Ne2+ 32. Qxe2 Bxg3 33. Qe7+ Qf7 34. Qxd8 Bc7 35. Qe7 cxb5 36. Qxf7+ Kxf7 37. Rb1 a6 38. a4 Bb6 39. d5 Bc5 40. axb5 axb5 41. Rxb5 b6 42. Rb1 Ke7 43. Kf1 Kd6 44. Rd1 b5 45. Ke2 b4 46. Rd3 Ke5 47. g3 Bd6 48. g4 Ke4 49. f3+ Ke5 50. Ke3 Bc5+ 51. Ke2 Bd6 52. Kf2 Kf4 53. Kg2 Kg5 54. Rd1 Kf4 55. Re1 b3 56. Rb1 Ke5 57. Rxb3 Kxd5 58. Rb5+ Ke6 59. Rh5 Bf4 60. Rf5 Bd6 61. f4 Kf7 62. g5 hxg5 63. fxg5 Be7 64. Kf3 Kg6 65. gxf6 Bxf6 66. Kg4 Be7 67. Ra5 Bf8 68. Ra6+ Kh7 69. Kf4 Bh6+ 70. Kf5 Be3 71. Re6 Bc5 72. Rc6 Bb4 73. Rc7+ Kg8 74. Kg6 Kf8 75. Rb7 Bd6 76. Rf7+ Kg8 77. Rd7 1-0